000 00798nam a2200229 i 4500
001 86497
003 ES-MaACL
005 20250928132509.0
007 t|
008 041213s1973 sp ||||1| spa d
245 0 3 _aEl Kitsch
_b: antología del mal gusto /
_cGillo Dorfles ; con textos de John Mc Halo .. [et al.] ; y ensayos de Herman Broch y Clement Greenberg ; [traducción de Jaume Pomar].
260 _a[Barcelona] :
_bLumen,
_c[1973]
300 _a302 p., 17 lám. :
_bil. ;
_c25 cm.
650 0 4 _aKitsch.
_914038
700 1 _aKcHale, John.
_967693
700 1 _aBroch, Hermann,
_d1886-1951
_931828
700 1 _aGreenberg, Clement.
_959852
700 1 _aPomar, Jaume.
_992897
700 1 _aDorfles, Gillo.
_945398
852 _aES-MaACL
_jC-55910
_bR.88433
999 _c86497
_d86497